000 00451pab a2200157 454500
008 180718b2013 xxu||||| |||| 00| 0 eng d
100 _aSanders, Laura
245 _aGrassroots responsiveness to human rights abuse: History of the washtenaw interfaith coalition for immigrant rights
260 _c2013
300 _ap.117-125.
362 _aApril
650 _aHuman rights violations
773 _aSocial Work
908 _aN
909 _a104131
999 _c104127
_d104127